K monetárnej politike ECB

Menovo-politický postoj ECB a jej závery. Zmena v stratégii menovej politiky. Menová politika ECB. Prehľad niektorých indikátorov ekonomickej výkonnosti v Eurozóne.

Salvato in:
Dettagli Bibliografici
Autore principale: Lennerová, Ivana, 1979-
Natura: Capitolo di libro
Lingua:slovacco
Soggetti:
Tags: Aggiungi Tag
Nessun Tag, puoi essere il primo ad aggiungerne!!

MARC

LEADER 00000nla$a2200000$$$4500
001 0076015
005 20240502071905.4
041 0 |a slo 
044 |a SK 
245 1 0 |a K monetárnej politike ECB  |c Ivana Lennerová 
520 |a Menovo-politický postoj ECB a jej závery. Zmena v stratégii menovej politiky. Menová politika ECB. Prehľad niektorých indikátorov ekonomickej výkonnosti v Eurozóne. 
610 2 0 |a eurozóna 
610 2 0 |a politika menová 
610 2 0 |a banky centrálne 
610 2 0 |a výkonnosť ekonomiky 
610 2 0 |a Európska centrálna banka 
100 1 |a Lennerová, Ivana, 1979-